Cities with the Most Bids for the Summer Olympics - Statistics

General Stats
  • This quiz has been taken 268 times
    197 since last reset
  • The average score is 14 of 22
Answer Stats
# Bid # Host City % Correct
3 3 London
96%
6 3 Paris
95%
10 3 Los Angeles
91%
4 2 Tokyo
91%
6 1 Rome
86%
3 2 Athens
83%
4 0 Madrid
83%
3 1 Moscow
81%
3 1 Barcelona
80%
4 1 Rio de Janeiro
80%
3 1 Mexico City
76%
5 1 Amsterdam
67%
5 0 Istanbul
65%
4 0 Buenos Aires
57%
3 0 Chicago
53%
3 1 Montreal
49%
4 0 Budapest
39%
6 0 Detroit
25%
4 0 Philadelphia
23%
3 0 Havana
15%
3 0 Minneapolis
8%
3 0 Lausanne
6%
No matching quizzes found
Score Distribution
Percent of People with Each Score
Percentile by Number Answered
Your Score History
You have not taken this quiz since the last reset